1436 1120 1270 1708 1056 1235 1427 1034 1870 1782 1329 1137 1611 1774 1150 1139 1550 1032 1437 1158 1452 1382 1107 1488 1592 1077 1887 1704 1376 1387 1430 1113 1787 1799 1886 1718 1351 1217 1517 1435 1976 1029 1727 1358 1210 1630 1272 1620 1889 1283 1376 1112 1100 1185 1035 1727 1131 1873 1489 1962 1976 1340 1334 1307 1379 1998 1591 1482 1439 1309 1286 1486 1792 1276 1590 1982 1829 1814 1282 1386 1711 1416 1493 1994 1564 1408 1339 1268 1253 1412 1782 1408 1716 1773 1342 1659 1542 1355 1972 BCNSPRNW ULIB Ver.6.0+V

เปลี่ยนเป็นภาษาไทย

Change to English
 แสดงรายละเอียดบรรณานุกรม
  กลับหน้าหลัก

Brief Record : Get Marc (ISO 2709) : E-mail record : QR code < ปิดหน้าต่าง
LEADER : 00000nam 2200000uu 4500
001    13399127009
003     ULIB
008    190929s2559||||th 000 0 tha d
020    ^a9786165383028
060    ^aWT100^bป533ก
100    ^aปัทมาวดี สิงหจารุ
245    ^aการออกกำลังกายสำหรับผู้สูงอายุ
250    ^aพิมพ์ครั้งที่ 1
260    ^aกรุงเทพฯ :^bโอเดียนสโตร์,^c2559
300    ^a200 หน้า:^bภาพประกอบ
650    ^aการออกกำลังกาย
650    ^aผู้สูงอายุ^xการออกกำลังกาย
945    ^p160^l0^i27832
945    ^p160^l0^i27831
945    ^p160^l0^i27833
945    ^p160^l0^i27835
945    ^p160^l0^i27834
999    ^aกัณชพร จุลอักษร
รายการนี้ยังไม่มีแท็ก
คุณยังไม่ได้ล็อกอิน คุณสามารถมีกิจกรรมร่วมกับเว็บไซต์ได้ แต่ต้องล็อกอินก่อน ::
  ล็อกอิน

รายการสื่อสารสนเทศ

ลำดับที่ ประเภท เลขเรียก/บาร์โค้ด สถานที่ สถานะ
1. หนังสือสำรอง
หนังสือสำรอง
WT100 ป533ก ฉ.1 
  Barcode: 27831
ห้องสมุดวิทยาเขตนครสวรรค์
►หนังสือทั่วไป:l:General Books
บนชั้น
2. วิทยาศาสตร์การแพทย์ และสุขภาพ
วิทยาศาสตร์การแพทย์ และสุขภาพ
WT100 ป533ก ฉ.2 
  Barcode: 27832
ห้องสมุดวิทยาเขตนครสวรรค์
►ส่วนจัดเก็บหนังสือเก่า นว.
บนชั้น
  ขอยืม
3. วิทยาศาสตร์การแพทย์ และสุขภาพ
วิทยาศาสตร์การแพทย์ และสุขภาพ
WT100 ป533ก ฉ.3 
  Barcode: 27833
ห้องสมุดวิทยาเขตนครสวรรค์
►หนังสือทั่วไป:l:General Books
บนชั้น
4. วิทยาศาสตร์การแพทย์ และสุขภาพ
วิทยาศาสตร์การแพทย์ และสุขภาพ
WT100 ป533ก ฉ.4 
  Barcode: 27834
ห้องสมุดวิทยาเขตนครสวรรค์
►หนังสือทั่วไป:l:General Books
บนชั้น
5. วิทยาศาสตร์การแพทย์ และสุขภาพ
วิทยาศาสตร์การแพทย์ และสุขภาพ
WT100 ป533ก ฉ.5 
  Barcode: 27835
ห้องสมุดวิทยาเขตนครสวรรค์
►หนังสือทั่วไป:l:General Books
บนชั้น

รายการใกล้เคียง
    ชื่อเรื่อง [การออกกำลังกายสำหรับผู้สูงอายุ]

    ผู้แต่ง [ปัทมาวดี สิงหจารุ]

    หัวเรื่อง [การออกกำลังกาย]

BibComment


ยังไม่เคยถูกคอมเมนท์

คอมเมนท์ทรัพยากรรายการนี้
  คอมเมนท์: การออกกำลังกายสำ..


 Copyright 2026. Bcnsprnw @Library